Регионална библиотека "Любен Каравелов" - Русе

Творчество и критика (Запис номер 123804)

MARC детайли
000 -Лидер
Контролно поле с фиксирана дължина 01577nam a2200337 a 4500
003 - Код на организацията, давaща контролен номер
Контролно поле BLK
005 - Дата и час на последна редакция
Контролно поле 20240313005505.0
008 - Елементи от данни с фиксирана дължина
fixed length control field 180409b bul|||||r ||||||| ||bul||
010 ## - Наследен системен номер
LC control number KNG00129467000
040 ## - Източник на каталожния запис
Идентификатор на билиотеката - собственик на записа BLK
041 ## - Код за език
Код за езика на текст/звукозапис или на отделно заглавие Български
Код за езика КДБФ Български
080 ## - УДК
Текстов определител УДК Литература на отделни езици и езикови семейства
УДК код - определител по УДК 821
УДК определител .09
УДК - код + определител 821.09
100 1# - Редна дума - Автор
Автор Арнаудов, Михаил Петров
R(LIN) 33558
139 ## - Редно поле
Редна дума Арнаудов, Михаил Петров
Авторски знак Арн - А 87
245 10 - Сведения за заглавието
Заглавие Творчество и критика
Подзаглавни данни Лит. портрети и характеристика
Редно поле (дума) Михаил Арнаудов.
257 ## - Страна на издаване
Страна на създаване/издаване България
260 ## - Област на издателските данни
Име на издателя, разпространителя и проч. Хемус
Година на издаване 1938
Печатница София : Придворна печ.
Място на издаване, разпространение и проч. София
300 ## - Физическа характеристика
Страници 296 с.
Размери/Мащаб 21 см
380 ## - Жанр
Жанр Литературознание
490 ## - СЕРИИ (Колекции)
9 (RLIN) 396381
Име на серия Частна колекция - Академик Михаил Арнаудов
Бележки за серията Дарение - Основен фонд
500 ## - Общи забележки
Забележка 1 550 тир. - Фонд Михаил Арнаудов - Екз. с инв. № 319849 е с твърда подв. ; Бележки по полетата
650 #4 - Допълнително описание по предмет – тема
Основно описание – тема или топоним Литература - история и критика
9 (RLIN) 272926
653 ## - Ключова дума – ненормативна
Ключова дума литературна критика
852 ## - Местоположение
Форматна сигнатура МА 94
Фондова буква Фонд "Михаил Арнаудов"
852 ## - Местоположение
Форматна сигнатура Цб 40959
Фондова буква Основен фонд - ползва се само за читалня
856 4# - Електронен адрес и достъп
Електронен формат pdf - файл
856 4# - Електронен адрес и достъп
Електронен формат pdf - файл
999 ## - СИСТЕМНИ КОНТРОЛНИ НОМЕРА
Koha biblionumber 123804
Koha biblioitemnumber 123804
942 ## - АРТИКУЛИ
Вид на библиотечния материал Книги
Скрит в OPAC Не
Периодичен библиозапис Да
944 ## - СЪЗДАВАНЕ И РЕДАКЦИЯ на ЗАПИСА
Създаване/Редакция Създаване
Дата на регистрацията/редакция 03.04.2012
Статус, дата на статуса CRON CRON
Служител, извършил регистрацията/редакцията
944 ## - СЪЗДАВАНЕ И РЕДАКЦИЯ на ЗАПИСА
Създаване/Редакция Редакция
Дата на регистрацията/редакция 14.10.2016
Статус, дата на статуса 03.04.2012 - от С1,Р / 03.04.2012
Служител, извършил регистрацията/редакцията Геновева_Генчева
Наличности
Код за отписване Код за изгубен артикул Източник на класификационната схема Код за повреда Коз за рестрикции Код за отдаване Артикулен № Име на библиотеката - собственик Име на библиотеката, в която се намира в момента Статус (Текущо местоположение) Дата на вписване в системата Местоположение - отдел Цена в лева Инвентарен номер Систематично азбучна сигнатура Баркод Номер на екземпляра Цена в евро Служебна бележка Служебен тип на артикула
  Не е изгубен Universal Decimal Classification Не е повреден без рестрикции ползва се в читалня 200596 Регионална библиотека "Любен Каравелов" Русе Регионална библиотека "Любен Каравелов" Русе Хранилище 1938-01-01 Основен фонд - ползва се само за читалня 0.60 1721/67 Цб 40959 900000099609 1 0.31 Дост: Dp Вид: Ф N: стар фонд Дата: 01.01.1938 Книги
  Не е изгубен Universal Decimal Classification Не е повреден без рестрикции ползва се в читалня 200597 Регионална библиотека "Любен Каравелов" Русе Регионална библиотека "Любен Каравелов" Русе Хранилище 1938-01-01 Основен фонд - ползва се само за читалня 1.50 138077 Цб 40959 120000138077 2 0.77 Дост: Dp Вид: Ф N: стар фонд Дата: 01.01.1938 Книги
  Не е изгубен Universal Decimal Classification Не е повреден без рестрикции ползва се в читалня 200598 Регионална библиотека "Любен Каравелов" Русе Регионална библиотека "Любен Каравелов" Русе Хранилище 1938-01-01 Основен фонд - ползва се само за читалня 0.00 166581 Цб 40959 120000166581 3 0.00 Дост: Dp Вид: Ф N: стар фонд Дата: 01.01.1938 Книги
  Не е изгубен Universal Decimal Classification Не е повреден само за читалня Специални фондове ( старопечатни, редки и ценни, фонд М. Арнаудов) 200599 Регионална библиотека "Любен Каравелов" Русе Регионална библиотека "Любен Каравелов" Русе Фонд "Михаил Арнаудов" 1973-01-01 Фонд "Михаил Арнаудов" 1.30 319849 МА 94 120000319849 4 0.66 Дост: DA Вид: А N: стар фонд Дата: 01.01.1973 Книги
  Не е изгубен Universal Decimal Classification Не е повреден само за читалня Специални фондове ( старопечатни, редки и ценни, фонд М. Арнаудов) 200600 Регионална библиотека "Любен Каравелов" Русе Регионална библиотека "Любен Каравелов" Русе Фонд "Михаил Арнаудов" 1973-01-01 Фонд "Михаил Арнаудов" 20.00 588148 МА 94 120000588148 5 10.23 Дост: DA Вид: А N: стар фонд Дата: 01.01.1973 Книги
Vip Innovations Ltd, Rousse, Bulgaria 2025